000 00793nam a2200241 i 4500
003 DO-SdBNP
005 20260321073645.0
007 ta
008 210922b2012 dr o|||| |||| 00| 0 eng d
040 _aDO-SdBNP
_bspa
_cBNPHU
_erda
082 4 _axxxx
_bB742p
_222
100 1 _a Bosch, Juan,
_d1909-2001
_976555
245 1 3 _aLa política no es un negocio :
_ba 50 años de la elección presidencial de Juan Bosch y la victoria popular /
_cJuan Bosch
264 1 _aSanto Domingo :
_bFundación Juan Bosch,
_c2012.
300 _a69 páginas
_bfotografías
_c23 cm.
336 _2rdacontent
_atexto
_btxt
337 _2rdamedia
_asin mediación
_bn
338 _2rdacarrier
_avolumen
_bnc
490 1 _aBosch vive
_v2
590 _aInventariado, 2023/ YL
910 _aBtavárez
942 _2ddc
_cLBS1
999 _c54441
_d54441